=LDR 00000nam 2200000 4500 =001 NUTBA000000000001344 =990 ##$$a 21110723 =005 20200227083716 =990 ##$$a 21102790 =035 ##$$a 0010-041400000000614 =990 ##$$a 21102789 =008 200227################g##########0#ind## =020 ##$$a 978-979-22-4890-6 =040 ##$$a Ind =082 ##$$a 153.8 =090 ##$$a 650.1$bDev s =100 ##$$a Devos, Rich =245 1#$$a Sepuluh ucapan dahsyat orang sukses /$c Rich Devos ; alih bahasa, Ria Cahyani =260 ##$$a Jakarta :$b PT. Gramedia Pustaka Utama,$c 2009 =300 ##$$a 168 hlm ; $c 20 x 14 cm. =850 ##$$a NBPNMAT =084 ##$$a 153.8 DEV s =250 ##$$a cet. 1 =650 #4$$a Motivasi =700 #$$a Ria Cahyani =990 ##$$a 21102790 =990 ##$$a 21110723 =990 ##$$a 21102789 =990 ##$$a 21110723 =990 ##$$a 21102790 =990 ##$$a 21102789 =990 ##$$a 21110723 =990 ##$$a 21102790 =990 ##$$a 21102789